000
00257nam a22001217a 4500
008
180315b xxu||||| |||| 00| 0 eng d
041
_a
eng
080
_2
5th
_a
51
100
_a
37
101
_a
MAT
245
_a
Prealgebra
_c
Bittinger,M.L
942
_2
udc
_c
BK
999
_c
45096
_d
45096